| 000 -CABECERA |
| Longitud fija campo de control |
04578cam a2200433 i 4500 |
| 001 - NÚMERO DE CONTROL |
| Número de control |
991060546763106706 |
| 003 - IDENTIFICADOR DEL NÚMERO DE CONTROL |
| Identificador del número de control |
OSt |
| 005 - FECHA Y HORA DE LA ÚLTIMA TRANSACCIÓN |
| Fecha y hora de la última transacción |
20241218134737.0 |
| 008 - CÓDIGOS DE INFORMACIÓN DE LONGITUD FIJA |
| Códigos de información de longitud fija |
220525e202204 spca || 000 0 spa c |
| 015 ## - NÚMERO DE BIBLIOGRAFÍA NACIONAL |
| Número de bibliografía nacional |
LL2023 |
| Fuente |
bnc |
| 017 ## - NÚMERO DE COPYRIGHT O DE DEPÓSITO LEGAL |
| Número de copyright o de depósito legal |
DL B 8590-2022 |
| Agencia que asigna el número |
Biblioteca de Catalunya |
| 020 ## - NÚMERO INTERNACIONAL NORMALIZADO PARA LIBROS |
| Número Internacional Normalizado para Libros (ISBN) |
9788419333094 |
| Qualifying information |
(UAB) |
| 020 ## - NÚMERO INTERNACIONAL NORMALIZADO PARA LIBROS |
| ISBN cancelado o no válido |
9788419333100 |
| Qualifying information |
(UAB : |
| -- |
ebook) |
| 020 ## - NÚMERO INTERNACIONAL NORMALIZADO PARA LIBROS |
| Número Internacional Normalizado para Libros (ISBN) |
9788418951497 |
| Qualifying information |
(UJI) |
| 020 ## - NÚMERO INTERNACIONAL NORMALIZADO PARA LIBROS |
| ISBN cancelado o no válido |
9788418951497 |
| Qualifying information |
(UJI : |
| -- |
ebook) |
| 020 ## - NÚMERO INTERNACIONAL NORMALIZADO PARA LIBROS |
| Número Internacional Normalizado para Libros (ISBN) |
9788491349457 |
| Qualifying information |
(UV) |
| 020 ## - NÚMERO INTERNACIONAL NORMALIZADO PARA LIBROS |
| ISBN cancelado o no válido |
9788491349464 |
| Qualifying information |
(UV : |
| -- |
ebook) |
| 040 ## - FUENTE DE LA CATALOGACIÓN |
| Centro catalogador de origen |
ES-BaUAB |
| Lengua de catalogación |
cat |
| Normas de descripción |
rda |
| Centro transcriptor |
CDMR |
| 080 ## - NÚMERO DE LA CLASIFICACIÓN DECIMAL UNIVERSAL |
| Número de la Clasificación Decimal Universal |
316.77 |
| Subdivisión auxiliar común |
(091) |
| Identificador de la edición |
2004 |
| 080 ## - NÚMERO DE LA CLASIFICACIÓN DECIMAL UNIVERSAL |
| Número de la Clasificación Decimal Universal |
316.77:316.4 |
| Identificador de la edición |
2004 |
| 080 ## - NÚMERO DE LA CLASIFICACIÓN DECIMAL UNIVERSAL |
| Número de la Clasificación Decimal Universal |
659.3 |
| Subdivisión auxiliar común |
(091) |
| Identificador de la edición |
2004 |
| 080 ## - NÚMERO DE LA CLASIFICACIÓN DECIMAL UNIVERSAL |
| Número de la Clasificación Decimal Universal |
004.738.5:316.77 |
| Identificador de la edición |
2004 |
| 100 1# - PUNTO DE ACCESO PRINCIPAL-NOMBRE DE PERSONA |
| Nombre de persona |
Moragas Spà, Miquel de |
| 9 (RLIN) |
475 |
| 245 13 - MENCIÓN DE TÍTULO |
| Título |
La Comunicación y sus cambios : |
| Resto del título |
de los orígenes al móvil / |
| Mención de responsabilidad, etc. |
Miquel de Moragas Spà |
| 264 #1 - PRODUCCIÓN, PUBLICACIÓN , DISTRIBUCIÓN, FABRICACIÓN Y COPYRIGHT |
| Lugar de producción, publicación, distribución, fabricación |
Bellaterra : |
| Nombre del productor, editor, distribuidor, fabricante |
Universitat Autònoma de Barcelona, Servei de Publicacions ; |
| Lugar de producción, publicación, distribución, fabricación |
Castelló de la Plana : |
| Nombre del productor, editor, distribuidor, fabricante |
Publicacions de la Universitat Jaume I ; |
| Lugar de producción, publicación, distribución, fabricación |
Barcelona : |
| Nombre del productor, editor, distribuidor, fabricante |
Universitat Pompeu Fabra ; |
| Lugar de producción, publicación, distribución, fabricación |
València : |
| Nombre del productor, editor, distribuidor, fabricante |
Publicacions de la Universitat de València, |
| Fecha de de producción, publicación, distribución, fabricación o copyright |
2022 |
| 300 ## - DESCRIPCIÓN FÍSICA |
| Extensión |
206 pàgines : |
| Otras características físicas |
il·lustracions en blanc i negre ; |
| Dimensiones |
24 cm |
| 490 1# - MENCIÓN DE SERIE |
| Mención de serie |
Aldea global ; |
| Designación de volumen o secuencia |
44 |
| 500 ## - NOTA GENERAL |
| Nota general |
Conté: 0. Introducción. Este libro y sus lectores -- 1. Cambios en la comunicación. Tipología y aceleración -- 1.1. Aceleración y tipología de los cambios -- 1.2. Cambios disruptivos que afectan al sistema social -- 1.3. Cambios evolutivos, reorganización del sistema -- 1.4. Cambios de sustitución y cambios de complementariedad -- 1.5. Cambios pragmáticos. ¿Hacer las mismas cosas de otra manera? -- 2. Los antecedentes remotos. De las primeras escrituras a la imprenta -- 2.1. Cambios en la antigüedad. De la escritura cuneiforme al pergamino -- 2.2. La comunicación y la escritura en el medievo -- 2.3. La imprenta de Gutenberg. Reproductibilidad y difusión de ideas -- 3. De la prensa artesanal a la prensa de masas -- 3.1. Antecedentes de la prensa de masas. De los legajos a la información periódica -- 3.2. Innovaciones técnicas y nuevos formatos de la prensa -- 3.3. Las imágenes en diarios y revistas. De la xilografía al fotorreportaje -- 3.4. Evolución de la publicidad y los anuncios en la prensa -- 3.5. La aparición del quiosco -- 3.6. La prensa, producto industrial y medio ideológico -- 4. Señales, luz y sonido. Inventos del siglo xix -- 4.1. El telégrafo. Inicio de las telecomunicaciones -- 4.2. El teléfono. Sistema interactivo de voz -- 4.3. Las primeras reproducciones del sonido. Fonógrafo, gramófono y radio sin hilos -- 4.4. La fotografía. De experimento fotoquímico a medio social -- 4.5. El cinematógrafo y los orígenes del cine -- 5. Nuevos medios y cultura de masas en el siglo xx -- 5.1. El cine. Arte y espectáculo popular -- 5.2. La radio como medio de comunicación de masas -- 5.3. Los orígenes de la televisión (1920–1950) -- 5.4. El sistema de medios en la segunda mitad del siglo xx -- 5.5. La publicidad. Del cartel al anuncio televisivo -- 6. La telemática. La etapa preinternet (1980–1996) -- 6.1. La electrónica de consumo y los nuevos equipos de comunicación -- 6.2. Ofimática avanzada. Fotocopia, fax y fin de la máquina de escribir -- 6.3. Inicios de la telemática. El teletexto y el videotexto -- 6.4. El teléfono antes de ser inteligente -- 6.5. Las telecomunicaciones y los nuevos espacios de comunicación -- 7. La irrupción de internet (1969–1996) -- 7.1. Los antecedentes. De Arpanet a la World Wide Web -- 7.2. Internet y nuevos medios -- 8. Los medios en el siglo xxi -- 8.1. La renovación digital de los equipos de comunicación -- 8.2. Adaptación de losmedios a la era de internet -- 9. La nueva esfera internet. Plataformas y redes -- 9.1. Etapas en la evolución de internet. Hitos más relevantes -- 9.2. Las componentes de la esfera internet -- 9.3. La publicidad en la esfera internet, del anuncio al clic -- 9.4. Nuevos lenguajes en los medios digitales -- 9.5. La vigencia de las políticas de comunicación -- 10. La pandemia de 2020–2021. Primeros efectos sobre la comunicación |
| 504 ## - NOTA DE BIBLIOGRAFÍA, ETC |
| Nota de bibliografía, etc. |
Bibliografia: pàgines 193-206 |
| 650 #7 - PUNTO DE ACCESO ADICIONAL DE MATERIA - TÉRMINO DE MATERIA |
| Término de materia o nombre geográfico como elemento inicial |
Comunicació |
| Subdivisión de materia general |
Història. |
| Fuente del encabezamiento o término |
lemac |
| 650 #7 - PUNTO DE ACCESO ADICIONAL DE MATERIA - TÉRMINO DE MATERIA |
| Término de materia o nombre geográfico como elemento inicial |
Comunicació |
| Subdivisión de materia general |
Aspectes socials. |
| Fuente del encabezamiento o término |
lemac |
| 650 #7 - PUNTO DE ACCESO ADICIONAL DE MATERIA - TÉRMINO DE MATERIA |
| Término de materia o nombre geográfico como elemento inicial |
Mitjans de comunicació de massa |
| Subdivisión de materia general |
Història. |
| Fuente del encabezamiento o término |
lemac |
| 650 #7 - PUNTO DE ACCESO ADICIONAL DE MATERIA - TÉRMINO DE MATERIA |
| Término de materia o nombre geográfico como elemento inicial |
Internet |
| Subdivisión de materia general |
Aspectes socials . |
| Fuente del encabezamiento o término |
lemac |
| 650 #7 - PUNTO DE ACCESO ADICIONAL DE MATERIA - TÉRMINO DE MATERIA |
| Término de materia o nombre geográfico como elemento inicial |
Xarxes socials en línia |
| Fuente del encabezamiento o término |
lemac |
| 830 #0 - PUNTO DE ACCESO ADICIONAL DE SERIE - TÍTULO UNIFORME |
| Título uniforme |
Aldea global ; |
| Designación de volumen o secuencia |
44 |
| 908 ## - CONTROL DE PARÁMETROS (RLIN) |
| Parametro de comando lanzado |
UAB |
| -- |
UPF |
| -- |
UOC |
| -- |
UVic-UCC |
| -- |
BC |
| -- |
UdL |
| 940 ## - |
| T&íacute;tulo uniforme |
<a href="UAB">UAB</a> |
| 942 ## - ENTRADA DE ELEMENTOS AGREGADOS (KOHA) |
| Fuente de clasificaión o esquema |
|
| Koha [por defecto] tipo de item |
Monografies |